Регионална библиотека "Любен Каравелов" - Русе

Песента от параклиса (Запис номер 75556)

MARC детайли
000 -Лидер
Контролно поле с фиксирана дължина 01288nam a2200337 c 4500
003 - Код на организацията, давaща контролен номер
Контролно поле BLK
005 - Дата и час на последна редакция
Контролно поле 20250707091736.0
008 - Елементи от данни с фиксирана дължина
fixed length control field 180408b bul|||||r ||||||| ||bul||
010 ## - Наследен системен номер
LC control number KNG00079975000
020 ## - Международен стандартен номер на книга ISBN
Международен стандартен номер на книга ISBN 978-954-585-842-0
-- издат.: Бард
040 ## - Източник на каталожния запис
Идентификатор на билиотеката - собственик на записа BLK
041 ## - Код за език
Код за езика на текст/звукозапис или на отделно заглавие Български
Код за езика КДБФ Български
080 ## - УДК
Текстов определител УДК Американска литература (на САЩ)
УДК код - определител по УДК 821.111(73)
УДК определител -312.4
УДК - код + определител 821.111(73)-312.4
100 1# - Редна дума - Автор
Автор Кларк, Мери Хигинс
Авторска отговорност първи автор
R(LIN) 371250
139 ## - Редно поле
Редна дума Кларк, Мери Хигинс
Авторски знак Кла - К 63
245 10 - Сведения за заглавието
Заглавие Песента от параклиса
Подзаглавни данни Роман
Редно поле (дума) Мери Хигинс Кларк; прев. от англ. Елена Чизмарова.
257 ## - Страна на издаване
Страна на създаване/издаване Съединени американски щати
260 ## - Област на издателските данни
-- София
Име на издателя, разпространителя и проч. Бард
Година на издаване 2007
300 ## - Физическа характеристика
Страници 368 с.
Размери/Мащаб 20 см
380 ## - Жанр
Жанр Худож. лит.
500 ## - Общи забележки
Забележка Ориг. загл. I Heard that Song Before / Mary Higgins Clark.
653 ## - Ключова дума – ненормативна
Ключова дума крими
653 ## - Ключова дума – ненормативна
Ключова дума романи
700 1# - Други автори (авторска отговорност)
Лично име Чизмарова, Елена Николова
Автороска отговорност (Описва отношението между автора и произведението) прев. от англ.
9 (RLIN) 141741
852 ## - Местоположение
Форматна сигнатура Цб 237436
856 4# - Електронен адрес и достъп
Електронен формат pdf - файл
Път до файла /url/
856 4# - Електронен адрес и достъп
Електронен формат pdf - файл
Път до файла /url/
942 ## - АРТИКУЛИ
Вид на библиотечния материал Книги
Скрит в OPAC Не
Koha issues (borrowed), all copies 131
944 ## - СЪЗДАВАНЕ И РЕДАКЦИЯ на ЗАПИСА
Създаване/Редакция Създаване
Дата на регистрацията/редакция 07.12.2007
Статус, дата на статуса Виолета Тройчева
Служител, извършил регистрацията/редакцията 30552
944 ## - СЪЗДАВАНЕ И РЕДАКЦИЯ на ЗАПИСА
Създаване/Редакция Редакция
Дата на регистрацията/редакция 29.12.2016
Статус, дата на статуса ф /
Служител, извършил регистрацията/редакцията Людмила_Стоянова
999 ## - СИСТЕМНИ КОНТРОЛНИ НОМЕРА
Koha biblionumber 75556
Koha biblioitemnumber 75556
Наличности
Код за отписване Код за изгубен артикул Източник на класификационната схема Код за повреда Коз за рестрикции Код за отдаване Артикулен № Име на библиотеката - собственик Име на библиотеката, в която се намира в момента Статус (Текущо местоположение) Дата на вписване в системата Местоположение - отдел Цена в лева Инвентарен номер Систематично азбучна сигнатура Баркод Номер на екземпляра Цена в евро Служебна бележка Служебен тип на артикула
  Не е изгубен Universal Decimal Classification Не е повреден без рестрикции заемане за дома 122713 Регионална библиотека "Любен Каравелов" Русе Регионална библиотека "Любен Каравелов" Русе Заемна - подръчен фонд 2007-12-07 Заемна - подръчен фонд 10.99 120000720931 П 821-31/К 63 120000720931 1 5.62 Дост: Pk Вид: Ф N: 150 Дата: 05.12.2007 Дата инв: 13.02.2018 Бележки инв: П2018 Книги
  Не е изгубен   Не е повреден без рестрикции ползва се в читалня 122714 Регионална библиотека "Любен Каравелов" Русе Регионална библиотека "Любен Каравелов" Русе Хранилище 2009-07-16 Хранилище 10.99 120000737070 Цб 237436 120000737070 2 5.62 Дост: Dp Вид: Д N: 8 Дата: 11.02.2009 Книги
  Не е изгубен Universal Decimal Classification Не е повреден без рестрикции заемане за дома 122715 Регионална библиотека "Любен Каравелов" Русе Регионална библиотека "Любен Каравелов" Русе Заемна - подръчен фонд 2015-12-28 Заемна - подръчен фонд 10.99 120000796480 П 820(73)-31/К 63 120000796480 3 5.62 Дост: DA Вид: А N: 27 Дата: 28.12.2015 Дата инв: 20.02.2018 Бележки инв: П2018 Книги
  Не е изгубен   Не е повреден без рестрикции заемане за дома 122716 Регионална библиотека "Любен Каравелов" Русе Регионална библиотека "Любен Каравелов" Русе Заемна - подръчен фонд 2016-12-08 Заемна - подръчен фонд 10.99 120000806192 П 820(73)-31/К 63 120000806192 4 5.62 Дост: DA Вид: А N: 45 Дата: 08.12.2016 Книги
  Не е изгубен Universal Decimal Classification Не е повреден без рестрикции заемане за дома 692811 Регионална библиотека "Любен Каравелов" Русе Регионална библиотека "Любен Каравелов" Русе Заемна - подръчен фонд 2019-03-08 Заемна - подръчен фонд 10.99   П 820(73)-31/К 63 120000830611   5.62   Книги
Vip Innovations Ltd, Rousse, Bulgaria 2025